Evaluación del mejoramiento de dos inóculos para el arranque de un reactor UASB tratando vinanzas diluidas.

En este trabajo se presenta una valoración del cambio en las características de dos lodos, utilizados como inóculos durante el arranque de reactores de Lecho de Lodo de Flujo Ascendente (UASB) en el tratamiento de vinazas de caña diluidas, para reducir la Demanda Química de Oxígeno DQO. Uno de...

Full description

Bibliographic Details
Main Author: Acevedo Lugo, Ernesto José
Other Authors: Tutor: Molina, Francisco
Format: Tesis Section = Libro
Language:Undetermined
Spanish
Published: Santiago de Cali, Colombia [s.e] 1998
Subjects:
LEADER 01332nam a2200265Ia 4500
008 240830s9999 xx 000 0 und d
040 |a BIBLIOTECA-RUSB/ M.Mon 628.354 A174 
041 |a spa 
082 |a M.Mon 628.354 A174 
100 1 |a Acevedo Lugo, Ernesto José 
245 1 0 |a Evaluación del mejoramiento de dos inóculos para el arranque de un reactor UASB tratando vinanzas diluidas. 
260 |a Santiago de Cali, Colombia  |b [s.e]  |c 1998 
300 |a 139 p. :il. 
500 |a Contiene: anexos. 
502 |a Tesis (Máster en Ingeniería Sanitaria y Ambiental), 1998. 
520 3 |a En este trabajo se presenta una valoración del cambio en las características de dos lodos, utilizados como inóculos durante el arranque de reactores de Lecho de Lodo de Flujo Ascendente (UASB) en el tratamiento de vinazas de caña diluidas, para reducir la Demanda Química de Oxígeno DQO. Uno de los lodos procedía de una Laguna Anaeróbica de Aguas Residuales Domésticas (LAARD) y otro de una Laguna Anaeróbica de Aguas Residuales de Vinazas (LAARV). 
650 7 |a PROCESO DE LODO ACTIVADO 
650 7 |b  TRATAMIENTO ANAERÓBICO 
650 7 |c  INÓCULOS 
650 7 |d  ARRANQUE DE REACTORES UASB 
650 7 |e  VINANZAS 
700 1 |a Tutor:  |b Molina, Francisco 
942 |c BK  |2 ddc 
991 |a TESIS 
999 |c 19317